Contribuciones a la teoría pura del derecho.
Shranjeno v:
| Glavni avtor: | |
|---|---|
| Format: | Knjiga |
| Jezik: | angleščina |
| Izdano: |
Buenos Aires, Argentina:
Centro editor de América Latina,
1969.
|
| Serija: | Colección Filosofía y Derecho,
|
| Teme: | |
| Oznake: |
Označite
Brez oznak, prvi označite!
|
MARC
| LEADER | 00000nam a22000007a 4500 | ||
|---|---|---|---|
| 003 | CL-VaPUC | ||
| 005 | 20220822114623.0 | ||
| 008 | 220714t1969 ||||| |||| 00| 0 eng d | ||
| 999 | |c 437042 |d 437040 | ||
| 040 | |c Pontificia Universidad Católica de Valparaíso | ||
| 082 | |2 22 |a 340.1 KEL 1969 | ||
| 100 | |9 859087 |a Kelsen, Hans |d 1881-1973 |e autor | ||
| 245 | |a Contribuciones a la teoría pura del derecho. | ||
| 260 | |a Buenos Aires, Argentina: |b Centro editor de América Latina, |c 1969. | ||
| 300 | |a 137 páginas. | ||
| 490 | |a Colección Filosofía y Derecho, |n 7. | ||
| 500 | |a c.1 Donación Familia Prof. Alejandro Guzmán Brito. | ||
| 583 | |c 20220714 |k Yessy Sthefany Diaz Vidal | ||
| 650 | 0 | |a Filosofía del derecho |9 255050 | |
| 650 | 0 | |a Teoría del derecho |9 255982 | |
| 942 | |2 ddc |c BK |n 0 | ||
| 952 | |0 0 |1 0 |2 ddc |4 0 |6 340_100000000000000_KEL_1969 |7 0 |8 C_AGB |9 584784 |a BIBDER |b BIBDER |d 2022-07-14 |e Donación |i 5652824 |o 340.1 KEL 1969 |p 5652824 |r 2023-01-25 |t 1 |w 2022-07-14 |y BK_US |k AGB | ||